000 00525nmm a2200169Ia 4500
008 251105s9999||||xx |||||||||||||||||und||
020 _a9788490730461
041 _aspa
100 _aPikaza Ibarrondo, Xabier
245 0 _aLa familia en la Biblia :
_b Una enseñanza, un manifiesto cristiano
264 _a[Madrid, España] :
_bEditorial Verbo Divino,
_c2014
300 _a505 páginas
490 _aEstudios bíblicos
650 _aReligion(s)
856 _uhttps://public.digitaliapublishing.com/a/30496
942 _cCF
999 _c87829
_d87829